H2O: una biografía del agua
Guardat en:
| Autor principal: | |
|---|---|
| Format: | Llibre |
| Idioma: | espanyol |
| Publicat: |
Ciudad de México
Fondo de Cultura Económica
2010
Ciudad de México Turner 2010 |
| Edició: | 1a. ed |
| Matèries: | |
| Etiquetes: |
Afegir etiqueta
Sense etiquetes, Sigues el primer a etiquetar aquest registre!
|
MARC
| LEADER | 00000nam a2200000 a 4500 | ||
|---|---|---|---|
| 001 | UCG6248 | ||
| 003 | CL-VaPUC | ||
| 008 | 110414e20100000mx |||||||||||||||||spa|d | ||
| 020 | |a 9786071601797 | ||
| 082 | 0 | 4 | |a 553.7 |b BAL |2 21 |
| 100 | 0 | |a Ball, Philip |e author |9 556318 | |
| 245 | 1 | 0 | |a H2O: una biografía del agua |
| 250 | |a 1a. ed | ||
| 300 | |a 474 p | ||
| 942 | |c BK | ||
| 945 | |d 20110414 00:00:00 |a dcastane | ||
| 260 | |a Ciudad de México |b Fondo de Cultura Económica |c 2010 | ||
| 260 | |a Ciudad de México |b Turner |c 2010 | ||
| 650 | 0 | |a Agua |9 257149 | |
| 650 | 7 | |a BIOLOGIA DEL AGUA |2 CL-VaPUC |9 480898 | |
| 650 | 0 | |a Química del agua |9 261152 | |
| 650 | 0 | |a Recursos naturales |9 255232 | |
| 583 | |a last modification |c 20171011 11:48:04 |k Rodrigo Vera | ||
| 999 | |c 344522 |d 344520 | ||
| 952 | |0 0 |1 0 |4 0 |6 553_700000000000000_BAL_2010_2010 |7 0 |8 A |9 442545 |a BIBALI |b BIBALI |c RES |d 2019-11-22 |i 4767314 |o 553.7 BAL 2010 2010 |p 4767314 |r 2025-01-20 |w 2019-11-22 |y BK_R |k ALI | ||